Deposits (Record no. 78225)
[ view plain ]
| 000 -LEADER | |
|---|---|
| fixed length control field | 00922cab a2200205 4500 |
| 001 - CONTROL NUMBER | |
| control field | L136278 |
| 008 - FIXED-LENGTH DATA ELEMENTS--GENERAL INFORMATION | |
| fixed length control field | 070123n2007 000 0 eng u |
| 035 ## - SYSTEM CONTROL NUMBER | |
| System control number | (Sirsi) u136278 |
| 041 0# - LANGUAGE CODE | |
| Language code of text/sound track or separate title | eng |
| 100 1# - MAIN ENTRY--PERSONAL NAME | |
| Personal name | Hopkins, Phillip |
| 245 00 - TITLE STATEMENT | |
| Title | Deposits |
| Remainder of title | what are the alternatives? |
| 260 ## - PUBLICATION, DISTRIBUTION, ETC. | |
| Date of publication, distribution, etc. | 2007 |
| 490 00 - SERIES STATEMENT | |
| Series statement | Letting Update Journal |
| Volume/sequential designation | 4(14) January 20, 18-19(2) |
| 520 ## - SUMMARY, ETC. | |
| Summary, etc. | Examines some possible alternative approaches to taking deposits for landlords and agents and re-examines the function and purposes of the deposits currently taken. Covers catches in the Housing Act 2004, penalites and traps for the unwary and discusses the relative merits and drawbacks of guarantors, insurance, rigorous tenant vetting and use of credit cards. |
| 590 ## - LOCAL NOTE (RLIN) | |
| Local note | KA |
| 650 24 - SUBJECT ADDED ENTRY--TOPICAL TERM | |
| Topical term or geographic name entry element | HOUSING ACT 2004 |
| 651 #4 - SUBJECT ADDED ENTRY--GEOGRAPHIC NAME | |
| Geographic name | England and Wales |
| Chronological subdivision | 1543- |
| 690 ## - LOCAL SUBJECT ADDED ENTRY--TOPICAL TERM (OCLC, RLIN) | |
| Topical term or geographic name as entry element | PROPERTY-RESIDENTIAL PROPERTY-RESIDENTIAL LANDLORD AND TENANT |
| 942 ## - ADDED ENTRY ELEMENTS (KOHA) | |
| Suppress in OPAC | 0 |
| Withdrawn status | Lost status | Source of classification or shelving scheme | Damaged status | Not for loan | Home library | Current library | Shelving location | Date acquired | Total Checkouts | Full call number | Barcode | Date last seen | Copy number | Price effective from | Koha item type |
|---|---|---|---|---|---|---|---|---|---|---|---|---|---|---|---|
| Dewey Decimal Classification | London | London | Journal article | 23/01/2007 | L136278 | 136278-1001 | 06/08/2019 | 1 | 06/08/2019 | Journal article |